Giáo trình dinh dưỡng và thức ăn vật nuôi : Dùng trong các trường Trung học chuyên nghiệp

Sách cung cấp cho người đọc các kiến thức về dinh dưỡng của thức ăn vật nuôi, cách tính kẩu phần ăn, chế biến thức ăn và xây dựng dược các khẩu phần thức ăn thích hợp cho các loại vật nuôi....

Ausführliche Beschreibung

Gespeichert in:
Bibliographische Detailangaben
1. Verfasser: Tôn, Thất Sơn
Format: Buch
Sprache:Undetermined
Veröffentlicht: Hà Nội Nhà xuất bản Hà Nội 2005
Schlagworte:
Tags: Tag hinzufügen
Keine Tags, Fügen Sie den ersten Tag hinzu!
Thư viện lưu trữ: Trung tâm Học liệu Trường Đại học Cần Thơ
LEADER 01100nam a2200241Ia 4500
001 CTU_122214
008 210402s9999 xx 000 0 und d
020 |c 31000 
082 |a 636.085 
082 |b S464 
100 |a Tôn, Thất Sơn 
245 0 |a Giáo trình dinh dưỡng và thức ăn vật nuôi : 
245 0 |b Dùng trong các trường Trung học chuyên nghiệp 
245 0 |c Tôn Thất Sơn, Nguyễn Thị Mai, Nguyễn Thị Lệ Hằng 
260 |a Hà Nội 
260 |b Nhà xuất bản Hà Nội 
260 |c 2005 
520 |a Sách cung cấp cho người đọc các kiến thức về dinh dưỡng của thức ăn vật nuôi, cách tính kẩu phần ăn, chế biến thức ăn và xây dựng dược các khẩu phần thức ăn thích hợp cho các loại vật nuôi. 
526 |a Dinh dưỡng gia cầm 
526 |b NNN605 
650 |a Animal feeding 
904 |i Nguyên 
980 |a Trung tâm Học liệu Trường Đại học Cần Thơ